[Event "Ukraine Chess Championship-2017 U20 B"]
[Site "Lviv"]
[Date "2017.02.28"]
[Round "9.5"]
[White "Bakhmatsky, Vladislav"]
[Black "Polulikh, Bogdan"]
[Result "1-0"]
[WhiteElo "2444"]
[BlackElo "2252"]
[PlyCount "105"]
[EventDate "2017.02.21"]
[EventType "swiss"]
[EventRounds "9"]
[EventCountry "UKR"]

1. e4 e5 2. Nf3 Nf6 3. d4 Nxe4 4. Bd3 d5 5. dxe5 Nc5 6. Be2 Be7 7. O-O O-O 8.
Be3 Re8 9. Nbd2 Nc6 10. Nb3 Nxb3 11. axb3 Bf8 12. Bg5 Qd7 13. Bb5 Qe6 14. Re1
Bd7 15. c4 dxc4 16. Bxc4 Qf5 17. h3 h5 18. Bd3 Qe6 19. Bh4 Be7 20. Ng5 Bxg5 21.
Bxg5 Nxe5 22. Qxh5 Nxd3 23. Rxe6 Rxe6 24. Rd1 Rd6 25. Qf3 Ne5 26. Qe2 Bb5 27.
Qxb5 Rxd1+ 28. Kh2 Nd3 29. Qxb7 Re8 30. Be3 Ne5 31. Qxc7 Rd7 32. Qc3 f6 33. b4
Ree7 34. Qc8+ Kh7 35. Qc2+ Kg8 36. Bc5 Re8 37. Qf5 Red8 38. h4 Kf7 39. f4 g6
40. Qc2 Ng4+ 41. Kh3 Rd3+ 42. g3 f5 43. Qe2 R8d7 44. h5 Rd2 45. Qc4+ Kg7 46.
Bg1 gxh5 47. Qe6 Rf7 48. Kh4 Rd1 49. Bc5 Nf6 50. Kh3 Rd2 51. Bd6 Kg6 52. Be7
Rxb2 53. Bxf6 1-0

[Event "Ukraine Chess Championship-2017 U20 B"]
[Site "Lviv"]
[Date "2017.02.28"]
[Round "9.6"]
[White "Basko, Bogdan"]
[Black "Soroka, Danylo"]
[Result "0-1"]
[WhiteElo "2184"]
[BlackElo "2283"]
[PlyCount "72"]
[EventDate "2017.02.21"]
[EventType "swiss"]
[EventRounds "9"]
[EventCountry "UKR"]

1. d4 Nf6 2. c4 e6 3. Nc3 d5 4. Nf3 Nbd7 5. Bg5 Bb4 6. cxd5 exd5 7. e3 c5 8.
Qc2 Qa5 9. Bd3 O-O 10. O-O c4 11. Bf5 Bxc3 12. bxc3 Re8 13. Nd2 g6 14. Bxd7
Nxd7 15. Rae1 Nb6 16. f3 Bd7 17. Bh4 Na4 18. Nb1 Re6 19. e4 h6 20. Qc1 Kg7 21.
Re2 Rae8 22. e5 Rb6 23. Bf6+ Kh7 24. Re3 Bf5 25. Nd2 Rb2 26. Ne4 Qb6 27. Nd6
Rg8 28. Nxf7 g5 29. h4 Qe6 30. Nxh6 Kxh6 31. hxg5+ Kg6 32. Qd1 Bd3 33. Qxa4
Bxf1 34. Kxf1 Qf5 35. Kg1 Qf4 36. Re1 Qg3 0-1